000 00719nam a2200205Ia 4500
005 20260121110120.0
008 008 260114s9999 xx 000 0 hin d
020 _a9788132364863
037 _aEBOOK
040 _aCRL
_bhin
_cCRL
041 _ahin
_2hin
084 _qCRL
100 _aइक्षिता दत्ता / Ikshita Dutta
_9942230
245 0 _aभारत में सामाजिक परिवर्तन का इतिहास / Bharat mein Samajik Parivartan ka Itihas
260 _bभाषा प्रकाशन / Bhasha Prakashan
_c2021
856 _uhttps://bhashaprakashan.com/product-details/379137
942 _cEBOOK
999 _c1533895
_d1533895